| 000 | 00775nam a22003017a 4500 | ||
|---|---|---|---|
| 003 | OSt | ||
| 005 | 20150525100100.0 | ||
| 008 | 130207t xxu||||| |||| 00| 0 eng d | ||
| 020 | _a9716857474 | ||
| 050 |
_aLB 1028.3 _b.L937 2012 |
||
| 100 | _aLucido, Paz I. | ||
| 245 |
_aEducational technology 2 / _cPaz I. Lucido |
||
| 250 | _a2nd ed. | ||
| 260 |
_aQuezon City : _bLorimar Pub., _c2012. |
||
| 300 |
_avii, 120 pages ; _c26 cm. |
||
| 500 | _aIncludes bibliographical references. | ||
| 650 | _aTeaching- Aids & devices. | ||
| 650 | _aTeaching-Computer aided. | ||
| 942 |
_2lcc _cBK _kLOC |
||
| 999 |
_c284345 _d284345 |
||